Challenges from the future : Proceedings of the International Future Research Conference

Salvato in:
Dettagli Bibliografici
Natura: Libro
Lingua:Undetermined
Pubblicazione: Kodansha Japan Society of Futurology 1970
Soggetti:
Tags: Aggiungi Tag
Nessun Tag, puoi essere il primo ad aggiungerne! !
Thư viện lưu trữ: Trung tâm Học liệu Trường Đại học Cần Thơ
LEADER 00544nam a2200181Ia 4500
001 CTU_95852
008 210402s9999 xx 000 0 und d
082 |a 901 
082 |b C437/Vol.2 
245 0 |a Challenges from the future : 
245 0 |b Proceedings of the International Future Research Conference 
260 |a Kodansha 
260 |b Japan Society of Futurology 
260 |c 1970 
650 |a Forecasting,Civilization, modern 
650 |x Congresses 
904 |i Tuyến 
980 |a Trung tâm Học liệu Trường Đại học Cần Thơ